| 000 | 00457nam a2200193Ia 4500 | ||
|---|---|---|---|
| 008 | 210210b2011 xxu||||| |||| 00| 0 eng d | ||
| 020 | _a9788131604274 | ||
| 041 | _aeng | ||
| 082 | _a361.614 CHAD | ||
| 100 | _aCHATTERJEE (Debi) | ||
| 245 | _aDalit rights human rights | ||
| 260 |
_aJaipur _bRawat Publications _c2011 |
||
| 300 | _avii,237 | ||
| 650 | _arights | ||
| 650 | _ahuman | ||
| 650 | _aDalit | ||
| 690 | _aPublic Action | ||
| 906 | _a066556 | ||
| 999 |
_c147903 _d147903 |
||